First 'Periodic Table' Elements Discovered - Statistics

General Stats
  • This quiz has been taken 23 times
  • The average score is 6 of 10
Answer Stats
Order Year Observed by Z Symbol Element % Correct
7 1766 Henry Cavendish 1 H Hydrogen
100%
8 1771 Carl Wilhelm Scheele 8 O Oxygen
100%
9 1772 Daniel Rutherford 7 N Nitrogen
95%
1 1669 Hennig Brand 15 P Phosphorus
90%
2 1735 Georg Brandt 27 Co Cobalt
67%
4 1751 Axel Fredrik Cornstedt 28 Ni Nickel
52%
6 1755 Joseph Black 12 Mg Magnesium
43%
3 1735 Antonio de Ulloa 78 Pt Platinum
33%
10 1772 Carl Wilhelm Scheele 56 Ba Barium
29%
5 1753 Claude François Geoffroy 83 Bi Bismuth
24%
No matching quizzes found
Score Distribution
Percent of People with Each Score
Percentile by Number Answered
Your Score History
You have not taken this quiz